[Event "4NCL/2001-02/D3/WR2-MSL"]
[Site "Rd11-Birmingham"]
[Date "2002.05.06"]
[Round "11.3"]
[White "White, Mark W"]
[Black "Purdon, Colin"]
[Result "1/2-1/2"]
[WhiteElo "2108"]
[BlackElo "2097"]
[PlyCount "56"]
[EventDate "2002.05.06"]
[EventType "team-match"]
[EventCountry "ENG"]
[SourceTitle "BritBase"]
[Source "John Saunders"]
[SourceDate "2024.10.24"]
[SourceVersion "1"]
[SourceVersionDate "2024.10.24"]
[SourceQuality "1"]
[WhiteTeam "White Rose 2"]
[BlackTeam "Mind Sports Ltd"]
[WhiteTeamCountry "ENG"]
[BlackTeamCountry "ENG"]

1. e4 e6 2. d4 d5 3. e5 c5 4. c3 Nc6 5. Nf3 Bd7 6. Be2 f6 7. O-O Qc7 8. Bf4 Nge7 9. exf6 Qxf4 10. fxe7 Bxe7 11. Qd2 O-O 12. dxc5 Bxc5 13. b4 Bd6 14. Qxf4 Rxf4 15. Nbd2 Rc8 16. Rac1 a6 17. Nb3 b5 {=} 18. Rfd1 Ne7 19. a3 e5 20. Na5 Rcf8 21. Nb7 Bb8 22. Nc5 Bc8 23. Rf1 Bd6 24. Nb3 h6 25. Rcd1 Be6 26. Na5 Bc7 27. Nb7 g5 28. Nc5 Bc8 1/2-1/2

[Event "4NCL/2001-02/D3/WR2-MSL"]
[Site "Rd11-Birmingham"]
[Date "2002.05.06"]
[Round "11.4"]
[White "Parker, Robert"]
[Black "Keeling, Geoffrey"]
[Result "0-1"]
[WhiteElo "2112"]
[BlackElo "2043"]
[PlyCount "60"]
[EventDate "2002.05.06"]
[EventType "team-match"]
[EventCountry "ENG"]
[SourceTitle "BritBase"]
[Source "John Saunders"]
[SourceDate "2024.10.24"]
[SourceVersion "1"]
[SourceVersionDate "2024.10.24"]
[SourceQuality "1"]
[WhiteTeam "Mind Sports Ltd"]
[BlackTeam "White Rose 2"]
[WhiteTeamCountry "ENG"]
[BlackTeamCountry "ENG"]

1. d4 d5 2. c4 c6 3. Nf3 Nf6 4. Nc3 dxc4 5. a4 Bf5 6. e3 e6 7. Bxc4 Bb4 8. O-O O-O 9. Nh4 Nbd7 10. Nxf5 exf5 11. Qc2 g6 12. Rd1 Nb6 13. Bb3 Rc8 14. Bd2 Qd7 15. Ne4 Be7 16. Nxf6+ Bxf6 17. Bb4 Rfe8 18. Rac1 Nd5 19. Bc5 a6 20. a5 Bd8 21. Qd2 Bc7 22. Re1 Qd8 23. Ra1 Nf6 24. Qb4 Qd7 25. g3 Bb8 26. Bc4 Ne4 27. Rad1 Ng5 28. Be2 Qd5 29. e4 Rxe4 30. h4 Rxh4 0-1

[Event "4NCL/2001-02/D3/WR2-MSL"]
[Site "Rd11-Birmingham"]
[Date "2002.05.06"]
[Round "11.5"]
[White "Lim Chin Lee"]
[Black "Grigoryan, Meri"]
[Result "1-0"]
[WhiteElo "2050"]
[BlackElo "2036"]
[PlyCount "35"]
[EventDate "2002.05.06"]
[EventType "team-match"]
[EventCountry "ENG"]
[SourceTitle "BritBase"]
[Source "John Saunders"]
[SourceDate "2024.10.24"]
[SourceVersion "1"]
[SourceVersionDate "2024.10.24"]
[SourceQuality "1"]
[WhiteTeam "White Rose 2"]
[BlackTeam "Mind Sports Ltd"]
[WhiteTeamCountry "ENG"]
[BlackTeamCountry "ENG"]

1. d4 d5 2. Nf3 c6 3. e3 Nf6 4. Bd3 g6 5. O-O Bg7 6. Nbd2 Qc7 7. Re1 Bg4 8. b3 Bxf3 9. Qxf3 Nbd7 10. e4 dxe4 11. Nxe4 O-O 12. c3 e5 13. Nxf6+ Bxf6 14. dxe5 Bxe5 15. Bh6 Rfe8 16. Bc4 Nb6 17. Rxe5 Nxc4 18. Rc5 1-0

[Event "4NCL/2001-02/D3/WR2-MSL"]
[Site "Rd11-Birmingham"]
[Date "2002.05.06"]
[Round "11.6"]
[White "Muter, Donny"]
[Black "Cumbers, Paul"]
[Result "0-1"]
[WhiteElo "2099"]
[BlackElo "1952"]
[PlyCount "54"]
[EventDate "2002.05.06"]
[EventType "team-match"]
[EventCountry "ENG"]
[SourceTitle "BritBase"]
[Source "John Saunders"]
[SourceDate "2024.10.24"]
[SourceVersion "1"]
[SourceVersionDate "2024.10.24"]
[SourceQuality "1"]
[WhiteTeam "Mind Sports Ltd"]
[BlackTeam "White Rose 2"]
[WhiteTeamCountry "ENG"]
[BlackTeamCountry "ENG"]

1. d4 e6 2. c4 f5 3. g3 Nf6 4. Bg2 d5 5. Nh3 c6 6. O-O Bd6 7. Bf4 Be7 8. Nd2 Nbd7 9. Rb1 a5 10. f3 h6 11. e4 g5 12. Be3 O-O 13. Qc2 Nb8 14. Nf2 Na6 15. a3 Nc7 16. Rbc1 Nh5 17. Nd3 Bf6 18. cxd5 exd5 19. exf5 Nb5 20. Qa4 Re8 21. Bf2 Re2 22. Rfd1 Bxf5 23. Ne5 Bxe5 24. dxe5 Rxf2 25. Kxf2 Qb6+ 26. Ke2 Nd4+ 27. Ke1 Nc2+ 0-1

[Event "4NCL/2001-02/D3/WR2-MSL"]
[Site "Rd11-Birmingham"]
[Date "2002.05.06"]
[Round "11.7"]
[White "Shaw, Peter"]
[Black "Hawkins, James Nick"]
[Result "1-0"]
[WhiteElo "1960"]
[BlackElo "2104"]
[PlyCount "93"]
[EventDate "2002.05.06"]
[EventType "team-match"]
[EventCountry "ENG"]
[SourceTitle "BritBase"]
[Source "John Saunders"]
[SourceDate "2024.10.24"]
[SourceVersion "1"]
[SourceVersionDate "2024.10.24"]
[SourceQuality "1"]
[WhiteTeam "White Rose 2"]
[BlackTeam "Mind Sports Ltd"]
[WhiteTeamCountry "ENG"]
[BlackTeamCountry "ENG"]

1. d4 Nf6 2. Nf3 c5 3. c3 b6 4. e3 Bb7 5. Bd3 g6 6. Nbd2 d5 7. Ne5 Bg7 8. f4 O-O 9. O-O Nfd7 10. e4 cxd4 11. cxd4 Nxe5 12. dxe5 dxe4 13. Nxe4 Qd4+ 14. Nf2 Rd8 15. Qe2 Qa4 16. Bb5 Ba6 17. Bxa4 Bxe2 18. Re1 Ba6 19. Be3 Nd7 20. Rac1 Nf8 21. Rc7 e6 22. Ne4 b5 23. Bb3 Rd7 24. Rec1 h6 25. Nd6 g5 26. g3 gxf4 27. gxf4 b4 28. Rxd7 Nxd7 29. Rc7 Nxe5 30. fxe5 Bxe5 31. Rc6 Bd3 32. Nxf7 Kxf7 33. Rxe6 Bc2 34. Rxe5+ Bxb3 35. axb3 Rg8+ 36. Kf2 Kf6 37. Rb5 Rc8 38. Bd4+ Kg6 39. Rxb4 Rc2+ 40. Kg3 Rd2 41. Bc3 Rd3+ 42. Kg2 h5 43. Ra4 Kg5 44. Rxa7 h4 45. Rg7+ Kf4 46. h3 Rd1 47. Rg4+ 1-0

[Event "4NCL/2001-02/D3/WR2-MSL"]
[Site "Rd11-Birmingham"]
[Date "2002.05.06"]
[Round "11.8"]
[White "Ghasi, Sumeet"]
[Black "Keeling, Karen"]
[Result "0-1"]
[WhiteElo "1928"]
[BlackElo "2038"]
[PlyCount "86"]
[EventDate "2002.05.06"]
[EventType "team-match"]
[EventCountry "ENG"]
[SourceTitle "BritBase"]
[Source "John Saunders"]
[SourceDate "2024.10.24"]
[SourceVersion "1"]
[SourceVersionDate "2024.10.24"]
[SourceQuality "1"]
[WhiteTeam "Mind Sports Ltd"]
[BlackTeam "White Rose 2"]
[WhiteTeamCountry "ENG"]
[BlackTeamCountry "ENG"]

1. e4 c6 2. d4 d5 3. exd5 cxd5 4. c4 Nf6 5. Nc3 e6 6. c5 Be7 7. Nf3 O-O 8. Bd3 b6 9. b4 a5 10. Na4 Nbd7 11. a3 axb4 12. axb4 bxc5 13. bxc5 e5 14. Nxe5 Nxe5 15. dxe5 Bxc5 16. Bg5 Qa5+ 17. Bd2 Bb4 18. exf6 Re8+ 19. Kf1 Bxd2 20. Qc2 Ba6 21. Kg1 Bxd3 22. Qxd3 Qxa4 23. Rf1 Qc4 24. Qb1 Rab8 25. Qd1 Qc3 26. g3 d4 27. Qg4 g6 28. h4 d3 29. h5 Qxf6 30. hxg6 hxg6 31. Qc4 Rbc8 32. Qxd3 Rcd8 33. Qb5 Re1 34. Kg2 Rxf1 35. Rxf1 Bc3 36. Qb7 Bd4 37. Kg1 Kg7 38. Qg2 Rh8 39. Rd1 Rd8 40. Rc1 Bb2 41. Rc6 Qd4 42. Ra6 Qd1+ 43. Kh2 Rh8+ 0-1